000 00773nam a2200217Ia 4500
001 12926
003 GE_BSU
008 181216s||||||||xx |||||||||||||| ||und||
040 _cGE_BSU
080 _a632.92
100 _aГорленко,С.В. Панько,Н.А.
245 _aФормирование микрофлоры и энтомофауны городских зеленых насаждении
245 _cН.А.Дорожкин
260 _aМинск
260 _bНаука и техника
260 _c1972
300 _a168стр.илл.20см.
300 _cБиблиогр.с.156-166
653 _aФормирование микрофлоры и энтомофауны городских зеленых насаждении
942 _cBK
999 _c46096
_d46096